Malaysian Customs Tariff [Harmonized System] on Import/Export Duty, Common Effective Preferential Tariff (Cept), Sales tax, Import/Export Licence (Il/El) & Orders, Regulations & Orders(incorporating 2003 budget)(as at 1st March 2003)

Bibliographic Details
Corporate Author: MALAYSIA
Format: Book
Published: Petaling Jaya, Selangor : International Law Book Services , 2003
Subjects:

MARC

LEADER 00000cam a2200000 7i4500
001 0000002441
005 20030620.0
020 0 0 |a 9678913291 
090 0 0 |a R343.595056   |b MAL 2003 
110 1 0 |a MALAYSIA 
245 1 0 |a Malaysian Customs Tariff [Harmonized System] on Import/Export Duty, Common Effective Preferential Tariff (Cept), Sales tax, Import/Export Licence (Il/El) & Orders, Regulations & Orders(incorporating 2003 budget)(as at 1st March 2003)   |c compiled by Legal Research Board 
260 0 0 |a Petaling Jaya, Selangor :   |b International Law Book Services ,   |c 2003 
300 |a xxviii, 806 p. ;   |c 22x30 cm. 
650 0 0 |a Export trade regulation   |z Malaysia 
650 0 0 |a Tariff   |x Law and legislation   |z Malaysia 
650 0 0 |a Tariff   |x Terminology and classification   |z Malaysia 
998 |a JPSM 
999 |a 0000004564   |b Monograph   |c Open Shelf   |e Default branch